| 000 | 00373nam a2200157Ia 4500 | ||
|---|---|---|---|
| 008 | 210210b1907 xxu||||| |||| 00| 0 eng d | ||
| 041 | _aeng | ||
| 082 | _a822/1045 | ||
| 100 | _aRUSKLN (J) | ||
| 245 | _aPraeterita III | ||
| 260 |
_aLondon _bGeorge Allen and Unwin Limited _c1907 |
||
| 650 | _aPraeterita | ||
| 650 | _aIII | ||
| 690 | _aEnglish Prose | ||
| 906 | _a013228 | ||
| 999 |
_c132085 _d132085 |
||